Statistics for Municipalities of Sauk County, Wisconsin

Click here to take the quiz!

General Stats

  • This quiz has been taken 31 times
  • The average score is 23 of 41

Answers on the Map

Answers color-coded by a green-red scale on the quiz's map according to % correct below.
 

Answer Stats

Answer% Correct
City of Baraboo
88%
City of Reedsburg
88%
City of Wisconsin Dells
88%
Town of Baraboo
88%
Town of Delton
88%
Town of Prairie du Sac
88%
Town of Reedsburg
88%
Village of Lake Delton
88%
Village of Prairie du Sac
88%
Village of Sauk City
88%
Village of Plain
75%
Village of West Baraboo
75%
Census Designated Place of Bluffview
63%
Town of Merrimac
63%
Town of Spring Green
63%
Village of Merrimac
63%
Village of Spring Green
63%
Town of Dellona
50%
Town of Freedom
50%
Town of Ironton
50%
Town of Washington
50%
Village of Ironton
50%
Village of Lime Ridge
50%
Village of Loganville
50%
Village of North Freedom
50%
Village of Rock Springs
50%
Town of Bear Creek
38%
Town of Excelsior
38%
Town of Fairfield
38%
Town of Franklin
38%
Town of Greenfield
38%
Town of Honey Creek
38%
Town of La Valle
38%
Town of Sumpter
38%
Town of Troy
38%
Town of Winfield
38%
Town of Woodland
38%
Village of Cazenovia
38%
Village of La Valle
38%
Census Designated Place of Lake Wisconsin
25%
Town of Westfield
25%

Score Distribution

Percentile by Number Answered

Percent of People with Each Score

Your Score History

You have not taken this quiz